000 00432nam a22001817a 4500
003 MPLRDC
005 20220104172155.0
008 210129b ||||| |||| 00| 0 eng d
082 _a859.6 SESA v.1
100 _aMICHAELA MUNTEAN
245 _aGROVER AND THE PACKAGE
_c
250 _a初版
260 _a
_bCTW
_c1999
300 _b
490 _aSESAME SREET
650 _aCHILDREN LITERATURE
942 _cBK
_o859.6 SESA v.1
999 _c58811
_d58801